Don't Give Up: (Record no. 192642)
[ view plain ]
| 000 -LEADER | |
|---|---|
| fixed length control field | 00683nam a22002057a 4500 |
| 005 - DATE AND TIME OF LATEST TRANSACTION | |
| control field | 20220928143222.0 |
| 010 ## - LCCN (DPL NO) | |
| LC control number | B-745722 |
| 020 ## - INTERNATIONAL STANDARD BOOK NUMBER | |
| International Standard Book Number | 9789384385590 |
| Terms of availability | 150.00 |
| 037 ## - SOURCE OF ACQUISITION | |
| Source of stock number/acquisition | Books Treasure |
| 082 ## - DEWEY DECIMAL CLASSIFICATION NUMBER | |
| Classification number | 158.1 |
| 100 ## - MAIN ENTRY--PERSONAL NAME | |
| Personal name | Sadriwala, Mehzbeen |
| 245 ## - TITLE STATEMENT | |
| Title | Don't Give Up: |
| Statement of responsibility, etc | Mehzbeen Sadriwala |
| Remainder of title | leaders do not chase comfort/ |
| 250 ## - EDITION STATEMENT | |
| Edition statement | 1st |
| 260 ## - PUBLICATION, DISTRIBUTION, ETC. (IMPRINT) | |
| Place of publication, distribution, etc | Jodhpur |
| Name of publisher, distributor, etc | Book Treasure |
| Date of publication, distribution, etc | 2021 |
| 270 ## - ADDRESS | |
| City | Jodhpur |
| Address | B/H Agra Sweet Home |
| Postal code | 342001 |
| Telephone number | 0291-2657530 |
| Electronic mail address | demandabook@gmail.com |
| 300 ## - PHYSICAL DESCRIPTION | |
| Extent | 120p. |
| Dimensions | 22cm (pbk) |
| 700 ## - ADDED ENTRY--PERSONAL NAME | |
| Personal name | Saifee, Rukhsana |
| 942 ## - ADDED ENTRY ELEMENTS (KOHA) | |
| Source of classification or shelving scheme | Dewey Decimal Classification |
| Item type | English Books |
| Classification part | 158.1 |
| Call number suffix | SAD |
| Withdrawn status | Lost status | Not for loan | Collection code | Home library | Current library | Date acquired | Source of acquisition | Cost, normal purchase price | Full call number | Barcode | Copy number | Cost, replacement price | Koha item type | Public note |
|---|---|---|---|---|---|---|---|---|---|---|---|---|---|---|
| Non-fiction | Kadipur | Kadipur | 28/09/2022 | 22.9.22/Gift | 150.00 | 158.1 SAD | B-745722 | 1 | 150.00 | English Books | Gift |
